<?xml version="1.0" encoding="UTF-8"?>
<collection xmlns="http://www.loc.gov/MARC21/slim">
 <record>
  <leader>02886nam a2200325 a 4500</leader>
  <controlfield tag="001">1/47432</controlfield>
  <controlfield tag="008">171003s2010    gr  a     b   00010 gre  </controlfield>
  <datafield tag="020" ind1=" " ind2=" ">
   <subfield code="a">9789608392878</subfield>
  </datafield>
  <datafield tag="035" ind1=" " ind2=" ">
   <subfield code="l">50414</subfield>
  </datafield>
  <datafield tag="040" ind1=" " ind2=" ">
   <subfield code="a">GR-PeUP</subfield>
  </datafield>
  <datafield tag="082" ind1="0" ind2="0">
   <subfield code="a">707 ΤΕΧ</subfield>
  </datafield>
  <datafield tag="245" ind1="0" ind2="0">
   <subfield code="a">Τέχνη στην εκπαίδευση, εκπαίδευση στην τέχνη :</subfield>
   <subfield code="b">εξερευνήσεις του δημιουργικού ρόλου της τέχνης στην εκπαίδευση /</subfield>
   <subfield code="c">επιμέλεια Παναγιώτης Α. Κανελλόπουλος, Νικόλας Τσαφταρίδης.</subfield>
  </datafield>
  <datafield tag="260" ind1="0" ind2=" ">
   <subfield code="a">Αθήνα :</subfield>
   <subfield code="b">Νήσος,</subfield>
   <subfield code="c">2010.</subfield>
  </datafield>
  <datafield tag="300" ind1=" " ind2=" ">
   <subfield code="a">146 σ. :</subfield>
   <subfield code="b">εικ. ;</subfield>
   <subfield code="c">24 εκ.</subfield>
  </datafield>
  <datafield tag="490" ind1="1" ind2=" ">
   <subfield code="a">Τετράδια ;</subfield>
  </datafield>
  <datafield tag="500" ind1=" " ind2=" ">
   <subfield code="a">Contents: Η τέχνη στην εκπαίδευση- Εκπαίδευση στην τέχνη: εισαγωγή -- Φύση και ανάπτυξη της καλλιτεχνικής γνώσης -- Τέχνη και εκαπαίδευση: οι εκπαιδευτικές διαστάσεις της εικονοποιητικής διαδικασίας -- Και όμως διδάσκεται: οκτώ μοντέλα διδασκαλίας της τέχνης -- Η τέχνη του προφορικού λόγου -- Η πολυσήμαντη γλώσσα των εικόνων στο εικονογραφημένο παιδικό βιβλίο -- Ιντερλούδιο: Michael Mescheke: μικρό προρτραίτο -- Τέχνη, κουκλοθέατρο και εκπαίδευση: σχέσεις και αντιπαραθέσεις -- Μιλώντας για το κουκλοθέατρο -- Γνωριμία με την οπτικοακουστική έκραση στο πρόγραμμα &quot;Μελίνα&quot; -- Εξερευνώντας τη μουσική -- Σχεδίασμα μιας παιδαγωγικής του ελεύθερου μουσικού αυτοσχεδιαμού.</subfield>
  </datafield>
  <datafield tag="504" ind1=" " ind2=" ">
   <subfield code="a">Περιέχει βιβλιογραφικές παραπομπές.</subfield>
  </datafield>
  <datafield tag="650" ind1=" " ind2="4">
   <subfield code="a">Τέχνη στην εκπαίδευση.</subfield>
  </datafield>
  <datafield tag="650" ind1=" " ind2="4">
   <subfield code="a">Τέχνες</subfield>
   <subfield code="x">Σπουδή και διδασκαλία.</subfield>
  </datafield>
  <datafield tag="650" ind1=" " ind2="4">
   <subfield code="a">Κουκλοθέατρο.</subfield>
  </datafield>
  <datafield tag="650" ind1=" " ind2="4">
   <subfield code="a">Μουσική</subfield>
   <subfield code="x">Σπουδή και διδασκαλία.</subfield>
  </datafield>
  <datafield tag="650" ind1=" " ind2="4">
   <subfield code="a">Art in education.</subfield>
  </datafield>
  <datafield tag="650" ind1=" " ind2="4">
   <subfield code="a">Arts</subfield>
   <subfield code="x">Study and teaching.</subfield>
  </datafield>
  <datafield tag="650" ind1=" " ind2="4">
   <subfield code="a">Puppet theater.</subfield>
  </datafield>
  <datafield tag="650" ind1=" " ind2="4">
   <subfield code="a">Music</subfield>
   <subfield code="x">Instruction and study.</subfield>
  </datafield>
  <datafield tag="700" ind1="1" ind2=" ">
   <subfield code="a">Κανελλόπουλος, Παναγιώτης Ι.</subfield>
  </datafield>
  <datafield tag="700" ind1="1" ind2=" ">
   <subfield code="a">Τσαφταρίδης, Νικόλας,</subfield>
   <subfield code="d">1956-</subfield>
  </datafield>
  <datafield tag="830" ind1=" " ind2=" ">
   <subfield code="a">Τετράδια ;</subfield>
   <subfield code="v">22</subfield>
  </datafield>
  <datafield tag="852" ind1=" " ind2=" ">
   <subfield code="a">INST</subfield>
   <subfield code="b">UNIPILB</subfield>
   <subfield code="c">MAIN</subfield>
   <subfield code="e">20171003</subfield>
   <subfield code="h">707 ΤΕΧ</subfield>
   <subfield code="p">00178314</subfield>
   <subfield code="q">00178314</subfield>
   <subfield code="t">LOAN</subfield>
   <subfield code="y">0</subfield>
   <subfield code="4">2</subfield>
  </datafield>
  <datafield tag="852" ind1=" " ind2=" ">
   <subfield code="a">INST</subfield>
   <subfield code="b">UNIPILB</subfield>
   <subfield code="c">MAIN</subfield>
   <subfield code="e">20171003</subfield>
   <subfield code="h">707 ΤΕΧ</subfield>
   <subfield code="p">00178315</subfield>
   <subfield code="q">00178315</subfield>
   <subfield code="t">LOAN</subfield>
   <subfield code="y">0</subfield>
   <subfield code="4">1</subfield>
  </datafield>
 </record>
</collection>
